Database systems : a practical approach to design, implementation, and management
Saved in:
| Hovedforfatter: | |
|---|---|
| Format: | Bog |
| Udgivet: |
Pearson
|
| Tags: |
Ingen Tags, Vær først til at tagge denne postø!
|
MARC
| LEADER | 00000nam a2200000Ia 4500 | ||
|---|---|---|---|
| 005 | 20260515061614.0 | ||
| 100 | |a Connolly, Thomas M. | ||
| 020 | |a 9789353438913 | ||
| 942 | |c BK | ||
| 245 | |a Database systems : a practical approach to design, implementation, and management | ||
| 260 | |b Pearson | ||
| 999 | |c 18 |d 18 | ||
| 952 | |0 0 |1 0 |4 0 |7 0 |a ABDN |b ABDN |d 2026-05-15 |l 0 |p 000008 |r 2026-05-15 06:16:14 |w 2026-05-15 |y BK | ||